00933nam a2200277 a 450000100060000000300080000600500170001400800410003102000150007202000150008703500190010204000310012104100080015208200260016010000230018624501770020925000120038626000370039830000480043550000200048365000320050365000240053570000190055971000360057883000410061466473BD-RjUL20211209081539.0170316s1988 nyua 001 0 eng d a0070637636 a0070637644 a(BD-RjUL)66603 aDLCcBD-RjULdBD-RjULbeng aeng a621.395223bPIL 19881 aPippenger, Dale E.10aLinear and interface circuits applications /cD.E. Pippenger and E.J. Tobaben [and] contributors, C.L. McCollum, Field Applications Engineering, Linear Product Engineering. a2nd ed. aNew York :bMcGraw-Hill,cc1988. a539 p. in various pagings :bill. ;c28 cm. aIncludes index. 0aLinear integrated circuits. 0aInterface circuits.1 aTobaben, E. J.2 aTexas Instruments Incorporated. aTexas Instruments electronics series